[Event "Kiev Spring op"]
[Site "Kiev"]
[Date "2021.07.17"]
[Round "9"]
[White "Lyanguzova, Alina"]
[Black "Kvitnytskyi, Mykyta"]
[Result "1-0"]
[WhiteElo "1512"]
[BlackElo "1285"]
[PlyCount "57"]
[EventDate "2021.07.10"]
[EventType "swiss"]
[EventRounds "9"]
[EventCountry "UKR"]
[SourceTitle "EXT 2024"]
[Source "ChessBase"]
[SourceDate "2023.10.10"]
[SourceVersion "1"]
[SourceVersionDate "2023.10.10"]
[SourceQuality "1"]

1. e4 e6 2. d4 d5 3. exd5 exd5 4. Nf3 Bd6 5. Bd3 Ne7 6. 0-0 0-0 7. h3 Bf5 8. Be3 c6 9. Nc3 Re8 10. Qd2 Bxd3 11. Qxd3 f6 12. Ne2 Ng6 13. Rfe1 Na6 14. Qd2 Nc7 15. Nf4 Nxf4 16. Bxf4 Ne6 17. Bxd6 Qxd6 18. Re3 Re7 19. Rae1 Rae8 20. c3 Kf7 21. Qc2 g6 22. h4 Nf4 23. Qd2 Rxe3 24. Rxe3 Rxe3 25. Qxe3 Ne6 26. g3 Nf8 27. Kf1 Qe6 28. Qf4 a6 29. Ng5+ 1-0

[Event "Kiev Spring op"]
[Site "Kiev"]
[Date "2021.07.10"]
[Round "1"]
[White "Kazakov, Maksym"]
[Black "Kvitnytskyi, Mykyta"]
[Result "0-1"]
[WhiteElo "2039"]
[BlackElo "1285"]
[PlyCount "80"]
[EventDate "2021.07.10"]
[EventType "swiss"]
[EventRounds "9"]
[EventCountry "UKR"]
[SourceTitle "EXT 2024"]
[Source "ChessBase"]
[SourceDate "2023.10.10"]
[SourceVersion "1"]
[SourceVersionDate "2023.10.10"]
[SourceQuality "1"]

1. b3 d5 2. Bb2 Nf6 3. e3 c5 4. Be2 Nbd7 5. f4 g6 6. Nf3 Bg7 7. 0-0 0-0 8. Ne5 Qc7 9. Bf3 b6 10. d3 Bb7 11. Nd2 Rfd8 12. Qe1 Nf8 13. Qh4 Rac8 14. Rae1 b5 15. Re2 c4 16. dxc4 bxc4 17. bxc4 Ba6 18. Bd4 dxc4 19. c3 Ne6 20. Nc6 Nxd4 21. exd4 Rd7 22. d5 e6 23. dxe6 fxe6 24. Rxe6 Rxd2 25. Rxf6 Bxf6 26. Qxf6 Re8 27. Bg4 Rd6 28. Qg5 Qxc6 29. Bf3 Qb6+ 30. Kh1 Bb7 31. f5 Bxf3 32. gxf3 Qe3 33. Qg4 Qe2 34. Rg1 Rd1 35. fxg6 Rxg1+ 36. Kxg1 Qe1+ 37. Kg2 Re2+ 38. Kh3 Qf1+ 39. Kh4 Rxh2+ 40. Kg5 Rg2 0-1